| 000 | 01107nam0a22002771 4500 | ||
|---|---|---|---|
| 001 | rc\864047 | ||
| 005 | 20260406200758.0 | ||
| 035 | _a(NLR Aleph) 006043417 | ||
| 090 |
_a4728422 _c4728422 |
||
| 100 | _a20041129d1983 |||y0rusy50 ca | ||
| 101 | 0 | _arus | |
| 102 | _aRU | ||
| 105 | _aa ||||||||| | ||
| 200 | 1 |
_aСпектроскопические методы исследования атмосферных газов _dSpectroscopical methods of atmospheric cases investigation _fАН ЛитССР, Ин-т физики |
|
| 210 |
_aВильнюс _cИн-т физики _d1983 |
||
| 215 |
_a177, [9] с. _cил. _d20 |
||
| 300 | _aЗагл. также на лит. яз. | ||
| 300 | _aРез. на лит. и англ. яз. | ||
| 320 | _aБиблиогр. в конце статей, библиогр.: с. 144-175 | ||
| 510 | 0 | _aSpectroscopical methods of atmospheric cases investigation | |
| 712 | 0 | 2 |
_aИнститут физики _cВильнюс _3RU\NLR\AUTH\889960330 _9416910 |
| 801 | 0 |
_aRU _bNLR _gpsbo |
|
| 801 | 1 |
_aRU _bELAR _2rusmarc |
|
| 852 |
_aNLR _j83-3/12287 |
||
| 942 | _cBOOK | ||
| 980 | _aNB | ||